000 01166cam a22002651 4500
001 rc 01000025
003 DLC
005 20260227111858.0
008 791009s1895 mou 000 0 eng
010 _arc 01000025
035 _a(OCoLC)5506310
040 _aDLC
_cTxU
_dDLC
042 _apremarc
050 0 0 _aF657.B6
_bR8
100 1 _aRosen, Peter,
_d1850-1906.
245 1 0 _aPa-ha-sa-pah;
_bor, The Black Hills of South Dakota. A complete history of the gold and wonder-land of the Dakotas, from the remotest date up to the present ...
_cBy Rev. Peter Rosen ...
260 _aSt. Louis,
_bNixon-Jones Printing Company,
_c1895.
300 _axiii, 645 p.
_bfront., illus., plates, ports.
_c24 cm.
505 0 _abook I. Indians in the Hills.--book II. [Early explorers]--book III. [Father De Smet]--book IV. [U.S. expeditions]--book V. [Mining]--book VI. [South Dakota]--Appendix. Lectures on mining.
651 0 _aBlack Hills (S.D. and Wyo.)
_xHistory.
600 1 0 _aSmet, Pierre-Jean de,
_d1801-1873.
651 0 _aSouth Dakota
_xDescription and travel.
650 0 _aMines and mineral resources
_zUnited States.
740 0 _aBlack Hills of South Dakota.
999 _c51709
_d51709